Dictionary of pharmacology
| Main Author: | |
|---|---|
| Format: | Book |
| Published: |
Kuala Lumpur :
Golden Books Centre ,
2005
|
| Subjects: |
MARC
| LEADER | 00000cam a2200000 7i4500 | ||
|---|---|---|---|
| 001 | 0000003348 | ||
| 005 | 20050824.0 | ||
| 020 | 0 | 0 | |a 9837205261 |
| 090 | 0 | 0 | |a 615.103 |b JOH |
| 100 | 1 | 0 | |a Johnson, R.A. |
| 245 | 1 | 0 | |a Dictionary of pharmacology |c R.A. Johnson |
| 260 | 0 | 0 | |a Kuala Lumpur : |b Golden Books Centre , |c 2005 |
| 300 | |a 155p. ; |c 21cm. | ||
| 650 | 0 | 0 | |a Pharmacology |x Dictionaries |
| 999 | |a 0000006319 |b Monograph |c Open Shelf |e Default branch | ||